The Dolly Dialogues / (Record no. 193966)

000 -LEADER
fixed length control field 00979 a2200157 4500
003 - CONTROL NUMBER IDENTIFIER
control field Nust
005 - DATE AND TIME OF LATEST TRANSACTION
control field 20230119184501.0
040 ## - CATALOGING SOURCE
Transcribing agency Nust
082 ## - DEWEY DECIMAL CLASSIFICATION NUMBER
Classification number 808.82,HOP
100 ## - MAIN ENTRY--PERSONAL NAME
Personal name Anthony hope
9 (RLIN) 107176
245 ## - TITLE STATEMENT
Title The Dolly Dialogues /
Statement of responsibility, etc. Anthony hope
260 ## - PUBLICATION, DISTRIBUTION, ETC.
Place of publication, distribution, etc. london
Name of publisher, distributor, etc. George G. harrap
Date of publication, distribution, etc. 0000
300 ## - PHYSICAL DESCRIPTION
Extent 234, p;
505 ## - FORMATTED CONTENTS NOTE
Formatted contents note A Liberal Education (Page-7), Cordial Relations (Page-15), Retribution (Page-25), The Perverseness of It (Page-33), A Matter of Duty (Page-410 My Last Chance (Page-51), The Little Wretch (Page-61), An Expensive Privilege (Page-71), A Very Dull Affair (Page-81), Strange But True (Page-91), An Uncounted Hour (Page-109), A Reminiscence (Page-119), Ancient History (Page-129), A fine Day (Page-139), The House Opposite (Page-147), A Quick Change (Page-157),The other Lady (Page-177), A Life Subscription (Page-187), What Might have Been (Page-197), A Fatal Obstacle (Page-207), The Curate Bump (Page-217), On way In (Page-227).
942 ## - ADDED ENTRY ELEMENTS (KOHA)
Source of classification or shelving scheme
Koha item type Book
Holdings
Withdrawn status Lost status Source of classification or shelving scheme Damaged status Not for loan Permanent Location Current Location Shelving location Date acquired Full call number Barcode Date last seen Price effective from Koha item type Public note
          Military College of Signals (MCS) Military College of Signals (MCS) General Stacks 12/12/2016 808.82,HOP MCS29881 12/08/2016 12/12/2016 Book Almirah No.56, Shelf No.3
© 2023 Central Library, National University of Sciences and Technology. All Rights Reserved.